000 00751nam a2200229 i 4500
001 60510
003 ES-MaACL
005 20250814054348.0
007 t|
008 031105s1981 sp |||| | spa d
020 _a84-7090-114-1
100 1 _aEspinar Lafuente, Francisco.
_947847
245 1 0 _aEsquema filosófico de la masonería /
_cFrancisco Espinar Lafuente.
260 _aMadrid :
_bItsmo,
_c[1981]
300 _a293 p. ;
_c21 cm.
490 1 _aBiblioteca de estudios críticos. Sección filosofía ;
_v12
504 _aBibliografía: p. 285-293.
610 2 4 _aMasonería
_95658
830 0 _aBiblioteca de estudios críticos. Sección filosofía ;
_v12
_9230556
852 _aES-MaACL
_jL-10838
999 _c60510
_d60510